000 00441nam a2200157Ia 4500
008 210716s1988 xx 000 0 und d
020 _a09418393006
041 _aeng
082 _a658.827 SCHW
100 _aScherkenbach, William W.
245 _aDeming route to quality and productivity: road maps and roadblocks.
_bRoad maps and roadblocks.
250 _a1
260 _aMaryland
_c1988
300 _a145
650 _aBrand Management
999 _c200984
_d200984